00496nam a2200181 a 4500001001300000003000900013005001700022008004100039020001000080082001300090100001600103245008000119260003900199300000900238500003500247505001600282700001600298nice12345678IN_TiNIC20260116011635.0050524s1955 lona grp 000 0 eng  ac10000a150bBAY aBaynes, H G aMethology of the Soulb Research into the Unconscious from Schizophrenic Dd aLondonbRoutledge and Kegan c1955 a980p aincludes index and biblioraphy2 aIndex, Ill.1 aBaynes, H G